• 首页
  • 本馆介绍
  • 公告通知
  • 最新文献
  • 馆藏检索
  • 电子资源
  • 读者导购
  • 参考咨询
  • 我的图书馆
  • 登录
  • 详细信息显示
  • 放入我的书架
  • 预约/预借图书
  • 作者相关作品
  • 分类相关作品
  • 丛书相关作品
  • 出版社相关作品

书目信息

  • 表格格式
  • 工作单格式
  • 卡片格式
题名:
社会主义经济理论百题释
    
 
作者: ;经济研究编辑部 编
分册:  
出版信息: 北京   中国社会科学出版社  1983
页数: 339页
开本: 19cm
丛书名:
单 册:
中图分类: F04
科图分类:
主题词: 社会主义政治经济学
电子资源:
ISBN: 4190.145
000 00670nam0 2200229 450
001 0183003360
005 20100712220446.0
010    @a4190.145@dCNY0.91
091    @a4190.145
100    @a19950517d1983 em y0chiy0110 ea
101 0  @achi
102    @aCN@b110000
105    @ay z 000yy
106    @ar
200 1  @a社会主义经济理论百题释@9She Hui;Kuai Zhu Yi Jing Ji Li Lun Bai;Bo Ti Shi @f《经济研究》编辑部编
210    @a北京@c中国社会科学出版社@d1983
215    @a339页@d19cm
606 0  @a社会主义政治经济学
690    @aF04@v3
711 02 @a经济研究编辑部@9jing ji yan jiu bian ji bu@4编
801  0 @aCN@bAzMarc@c20130904
905    @aBZT@dF04@e14@f6@sF04/14
    
    社会主义经济理论百题释/《经济研究》编辑部编.-北京:中国社会科学出版社,1983
    339页;19cm
    
    
    ISBN 4190.145:CNY0.91
    
●
相关链接 在五车中查询图书 在当当中查询图书 在豆瓣中查询图书


正题名:社会主义经济理论百题释     索取号:F04/14         预约/预借

序号 登录号 条形码 馆藏地/架位号 状态 备注
1 2000108985   2000108985   旧书回溯/ [索取号:F04/14] 在馆    
2 2000108986   2000108986   旧书回溯/ [索取号:F04/14] 在馆    
3 2000108987   2000108987   旧书回溯/ [索取号:F04/14] 在馆    
4 2000108988   2000108988   旧书回溯/ [索取号:F04/14] 在馆    
5 2000108989   2000108989   旧书回溯/ [索取号:F04/14] 在馆    
6 2000108990   2000108990   旧书回溯/ [索取号:F04/14] 在馆    
山东省滨州职业学院图书馆 欢迎您!
大连网信软件有限公司© 版权所有